01010nam a2200181 a 450000100100000000500170001000800410002702000180006804000250008610000360011124501880014726001380033530000200047395201060049395201060059995201060070599900170081100003576820200930074608.0111110s2011 dr 000 0 spa d a9789945879001 aDO-SdBNPbspacBNPHU1 aCastillo Díaz, Geneida96171410aPrograma de formación inicial para docentes del nivel básico. Análisis de la propuesta curricular y del área psicopedagógica :bEstudios de casos /cGineida Castillo Díaz. aSanto Domingo :bPontificia Universidad Católica Madre Y Maestra :bCentro de Investigación Educativa y Desarrollo Humano,c2011. a98 p. ;c28 cm. 00107-18PDaPDbPDcOId2011-11-10iLF1l0o p35768-10r2020-06-25w2020-06-25yLFPDZNo se presta 00107-18PDaPDbPDcOId2011-11-10iLF1l0o p35768-20r2020-06-25w2020-06-25yLFPDZNo se presta 00107-18PDaPDbPDcOId2011-11-10iLF1l0o p35768-30r2020-06-25w2020-06-25yLFPDZNo se presta c35259d35259